000
00319nam a22001457a 4500
003
SGT
020
_a
9788196145415
082
_a
340
_b
MAH
100
_a
MAHAJAN V D
245
_a
JURISPRUDENCE AND LEGAL THEORY
250
_a
6
260
_a
LUCNKOW
_b
EASTERN BOOK COMPANY
_c
2023
300
_a
702
942
_2
ddc
_c
BK
_0
7
999
_c
25748
_d
25748